• 首页
  • 本馆介绍
  • 公告通知
  • 最新文献
  • 馆藏检索
  • 电子资源
  • 读者导购
  • 参考咨询
  • 我的图书馆
  • 登录
  • 详细信息显示
  • 放入我的书架
  • 预约/预借图书
  • 作者相关作品
  • 分类相关作品
  • 丛书相关作品
  • 出版社相关作品

书目信息

  • 表格格式
  • 工作单格式
  • 卡片格式
题名:
对颈椎病说NO
    
 
作者: 孙呈祥 著
分册:  
出版信息: 广州   广东科技出版社  2016
页数: 170页
开本: 24cm
丛书名:
单 册:
中图分类: R681.5
科图分类:
主题词: 颈椎--geng zhui--脊柱病--防治
电子资源:
ISBN: 978-7-5359-6466-3
000 00816nam0 22002291 450
001 0120082145
005 20170320085934.93
010    @a978-7-5359-6466-3@dCNY39.00
100    @a20160506d2016 em y0chiy50 ea
101 0  @achi
102    @aCN@b440000
105    @ay z 000yy
106    @ar
200 1  @a对颈椎病说NO@9dui geng zhui bing shuo no@f孙呈祥著
210    @a广州@c广东科技出版社@d2016
215    @a170页@d24cm
330    @a本书为上班族量身定制,一本书搞懂颈椎病的方方面面:基础的生理知识、颈椎保健和颈椎病预防知识,告诉你上班族的那些工作方式和生活方式容易造成颈椎病,要怎样规避风险,怎样才能让颈椎病永不沾身。
606 0  @a颈椎@9geng zhui@x脊柱病@x防治
690    @aR681.5@v5
701  0 @a孙呈祥@9sun cheng xiang@f(1940~)@4著
801  0 @aCN@bTANGWEI@c20170308
905    @b0956576-9@dR681.5@e46@f4
    
    对颈椎病说NO/孙呈祥著.-广州:广东科技出版社,2016
    170页;24cm
    
    
    ISBN 978-7-5359-6466-3:CNY39.00
    本书为上班族量身定制,一本书搞懂颈椎病的方方面面:基础的生理知识、颈椎保健和颈椎病预防知识,告诉你上班族的那些工作方式和生活方式容易造成颈椎病,要怎样规避风险,怎样才能让颈椎病永不沾身。
●
相关链接 在E读中查询图书 在五车中查询图书 在当当中查询图书 在豆瓣中查询图书


正题名:对颈椎病说NO     索取号:R681.5/46         预约/预借

序号 登录号 条形码 馆藏地/架位号 状态 备注
1 0956576   209565763   第二样本阅览室/ [索取号:R681.5/46] 在馆    
2 0956577   209565772   第三借阅区/ [索取号:R681.5/46] 在馆    
3 0956578   209565781   第三借阅区/ [索取号:R681.5/46] 在馆    
4 0956579   209565790   第三借阅区/ [索取号:R681.5/46] 在馆    
唐山师范学院图书馆 欢迎您!
大连网信软件有限公司© 版权所有